| 000 | 00000cas 2200000zi 4500 |
| 001 | 9.882040 |
| 003 | CaOODSP |
| 005 | 20260618120459 |
| 006 | m o d f |
| 007 | cr cn |||||||| |
| 008 | 191115d20182022oncar p o f0###b0fre|d |
| 022 | |a2562-6256 |
| 040 | |aCaOODSP|bfre|erda|cCaOODSP |
| 041 | |afre|bfre|beng|biku |
| 043 | |an-cn--- |
| 086 | 1 |aR101-6F-PDF |
| 222 | 0|aSavoir polaire |
| 245 | 00|aSavoir polaire : |baqhaliat rapport. |
| 246 | 30|aAqhaliat rapport |
| 246 | 13|aSavoir polaire : |brapport aqhaliat |
| 264 | 1|aOttawa (Ontario) : |bSavoir polaire Canada = Polar Knowledge Canada, |c[2018-2022] |
| 310 | |aAnnuel |
| 336 | |atexte|btxt|2rdacontent/fre |
| 337 | |ainformatique|bc|2rdamedia/fre |
| 338 | |aressource en ligne|bcr|2rdacarrier/fre |
| 362 | 1 |aParaît depuis : 2018; ne paraît plus après : Volume 4 [2022]. |
| 500 | |aPublié aussi en anglais sous le titre : Polar knowledge : aqhaliat report. |
| 588 | |aDescription d'après : 2018; titre de la page couverture du fichier PDF. |
| 588 | |aDernière livraison consultée : Volume 4 [2022]. |
| 650 | 6|aRégions polaires|xRecherche|zCanada|vPériodiques. |
| 655 | 7|aPériodiques|2rvmgf |
| 710 | 2 |aSavoir polaire Canada, |eorganisme de publication. |
| 775 | 08|tPolar knowledge : |w(CaOODSP)9.882028 |
| 775 | 08|tUkiuqtaqtumi qauyihimanuarviat : |w(CaOODSP)9.910302 |
| 775 | 08|tUkiuqtaqtumi qaujimaniq : |w(CaOODSP)9.910298 |